Nguyên lý máy

Một số khái niệm và những vấn đề về chống rung, giảm chấn cho một hệ dao động xoắn có nhiều bậc tự do, cân bằng trục mềm, cách rung cùng một số khái niệm về cơ cấu tay máy

שמור ב:
מידע ביבליוגרפי
מחבר ראשי: Đinh, Gia Tường
פורמט: ספר
שפה:Undetermined
יצא לאור: Hà Nội Giáo Dục 1998
נושאים:
תגים: הוספת תג
אין תגיות, היה/י הראשונ/ה לתייג את הרשומה!
Thư viện lưu trữ: Trung tâm Học liệu Trường Đại học Cần Thơ
LEADER 00877nam a2200205Ia 4500
001 CTU_36800
008 210402s9999 xx 000 0 und d
020 |c 22000 
082 |a 621.8 
082 |b T561/T.2 
100 |a Đinh, Gia Tường 
245 0 |a Nguyên lý máy 
245 0 |c Đinh Gia Tường, Phan Văn Đồng, Tạ Khánh Lâm 
260 |a Hà Nội 
260 |b Giáo Dục 
260 |c 1998 
520 |a Một số khái niệm và những vấn đề về chống rung, giảm chấn cho một hệ dao động xoắn có nhiều bậc tự do, cân bằng trục mềm, cách rung cùng một số khái niệm về cơ cấu tay máy 
650 |a Mechanical engineering,Mechanics, applied 
904 |i Minh, Hải 
980 |a Trung tâm Học liệu Trường Đại học Cần Thơ